[Event "Pontevedra op-B 6th"]
[Site "Pontevedra"]
[Date "2018.08.09"]
[Round "2"]
[White "Portela Medrano, Pablo"]
[Black "Tome Veira, Pedro"]
[Result "0-1"]
[WhiteElo "1290"]
[BlackElo "1531"]
[PlyCount "120"]
[EventDate "2018.08.08"]
[EventType "swiss"]
[EventRounds "9"]
[EventCountry "ESP"]
[SourceTitle "CBM 186 Extra"]
[Source "ChessBase"]
[SourceDate "2018.08.24"]
[SourceVersion "1"]
[SourceVersionDate "2018.08.24"]
[SourceQuality "1"]

1. e4 d5 2. exd5 Qxd5 3. Nc3 Qa5 4. Bc4 Nf6 5. d3 c6 6. Bd2 Qc7 7. Qe2 g6 8. 0-0-0 Bg7 9. Nh3 Bxh3 10. gxh3 0-0 11. Rde1 e6 12. f4 Nbd7 13. Rhg1 b5 14. Bb3 Nc5 15. Ne4 Nxb3+ 16. axb3 Nxe4 17. dxe4 a5 18. f5 a4 19. bxa4 Rxa4 20. c3 Qa7 21. Kc2 Ra2 22. Rb1 Qa4+ 23. Kc1 exf5 24. exf5 Ra1 25. Rg4 Rxb1+ 26. Kxb1 Qb3 27. fxg6 hxg6 28. h4 Qd5 29. Rg5 Qh1+ 30. Kc2 Bf6 31. Rg3 Bxh4 32. Qf3 Qa1 33. Rg4 Be1 34. Bxe1 Qxe1 35. h4 Qe5 36. Qe4 Qxe4+ 37. Rxe4 Kg7 38. Rf4 f6 39. Kb3 g5 40. Rg4 Kh6 41. hxg5+ fxg5 42. Kb4 Rf4+ 43. Rxf4 gxf4 44. Kc5 f3 45. Kxc6 f2 46. Kxb5 f1Q+ 47. c4 Kg6 48. Kc5 Qf2+ 49. Kd6 Qf6+ 50. Kd5 Qxb2 51. c5 Kf6 52. Kd6 Qd4+ 53. Kc6 Ke6 54. Kb5 Qc3 55. Kc6 Qc4 56. Kb6 Kd5 57. c6 Qxc6+ 58. Ka7 Qb5 59. Ka8 Kc6 60. Ka7 Qb7# 0-1

[Event "Pontevedra op-B 6th"]
[Site "Pontevedra"]
[Date "2018.08.08"]
[Round "1"]
[White "Tome Veira, Pedro"]
[Black "De Leon, Patricia O"]
[Result "0-1"]
[WhiteElo "1531"]
[BlackElo "1926"]
[PlyCount "124"]
[EventDate "2018.08.08"]
[EventType "swiss"]
[EventRounds "9"]
[EventCountry "ESP"]
[SourceTitle "CBM 186 Extra"]
[Source "ChessBase"]
[SourceDate "2018.08.24"]
[SourceVersion "1"]
[SourceVersionDate "2018.08.24"]
[SourceQuality "1"]

1. e4 e6 2. d4 d5 3. exd5 exd5 4. Nf3 Bd6 5. Bd3 Bg4 6. 0-0 Nc6 7. c3 Qd7 8. Be3 Nge7 9. Nbd2 0-0-0 10. Qc2 f6 11. c4 Nb4 12. Qb3 Nxd3 13. Qxd3 c6 14. c5 Bb8 15. b4 g5 16. Rfc1 h5 17. Rab1 Bf5 18. Qa3 Bxb1 19. Nxb1 h4 20. Nc3 g4 21. Nd2 g3 22. Ne2 gxh2+ 23. Kh1 Rdg8 24. Bf4 Qg4 25. Qh3 Nf5 26. Bxb8 Kxb8 27. Qxg4 Rxg4 28. f3 Ng3+ 29. Nxg3 Rxg3 30. Nf1 Rg7 31. Ne3 Rhg8 32. Kxh2 Re7 33. Rc3 Rge8 34. Nf5 Re2 35. a3 Rh8 36. Kh3 Re1 37. Ne3 Kc7 38. Kg4 Kd7 39. Kf5 Ke7 40. Rd3 Rh5+ 41. Kf4 h3 42. gxh3 Rxh3 43. Nf5+ Kf7 44. Nd6+ Ke6 45. Nxb7 Re4+ 46. fxe4 Rxd3 47. exd5+ Kxd5 48. Kf5 Rf3+ 49. Kg4 Rxa3 50. Nd6 Kxd4 51. Kf5 Rf3+ 52. Ke6 f5 53. Kd7 Kd5 54. Kc7 f4 55. Kb7 Ra3 56. Nc8 f3 57. b5 Kxc5 58. bxc6 f2 59. c7 f1Q 60. Nxa7 Qa6+ 61. Kb8 Qxa7+ 62. Kc8 Qxc7+ 0-1